1526 1206 1007 1322 1897 1182 1595 1354 1361 1417 1141 1508 1705 1961 1292 1927 1910 1930 1314 1847 1821 1556 1558 1286 1299 1772 1739 1126 1535 1839 1301 1644 1900 1127 1824 1424 1003 1060 1890 1480 1048 1628 1532 1231 1842 1894 1836 1353 1110 1949 1455 1579 1352 1020 1986 1430 1753 1822 1813 1350 1122 1798 1781 1694 1632 1827 1015 1547 1044 1609 1067 1063 1097 1103 1938 1566 1698 1018 1515 1370 1355 1234 1602 1738 1348 1676 1386 1234 1625 1395 1792 1623 1324 1968 1354 1986 1534 1078 1001 BCNSPRNW ULIB Ver.6.0+V

เปลี่ยนเป็นภาษาไทย

Change to English
 แสดงรายละเอียดบรรณานุกรม
  กลับหน้าหลัก

Brief Record : Get Marc (ISO 2709) : E-mail record : QR code < ปิดหน้าต่าง
LEADER : 00000nam 2200000uu 4500
001    13399122234
003     ULIB
008    130116s||||||||th 000 0 tha d
020    ^a9786162079344
060  4 ^aWS113^bส786ป
100 0  ^aสุธีรา เอื้อไพโรจน์กิจ
245 00 ^aป้องกัน 25 โรคฮิตให้ลูก^cสุธีรา เอื้อไพโรจน์กิจ
260    ^aกรุงเทพฯ:^bอมรินทร์สุขภาพ,^c2555
300    ^a132 หน้า
650  4 ^aกุมารเวชศาสตร์
650  4 ^aโรคเด็ก
945    ^p145^l0^i19711
945    ^p145^l0^i19712
945    ^p145^l0^i19713
995    ^aกัณชพร
999    ^aใช้งานได้ทุกระบบ
รายการนี้ยังไม่มีแท็ก
คุณยังไม่ได้ล็อกอิน คุณสามารถมีกิจกรรมร่วมกับเว็บไซต์ได้ แต่ต้องล็อกอินก่อน ::
  ล็อกอิน

รายการสื่อสารสนเทศ

ลำดับที่ ประเภท เลขเรียก/บาร์โค้ด สถานที่ สถานะ
1. วิทยาศาสตร์การแพทย์ และสุขภาพ
วิทยาศาสตร์การแพทย์ และสุขภาพ
สถานะ=หนังสือเก่า
WS113 ส786ป  
  Barcode: 19711
ห้องสมุดวิทยาเขตนครสวรรค์
►ส่วนจัดเก็บหนังสือเก่า นว.
บนชั้น
  ขอยืม
2. วิทยาศาสตร์การแพทย์ และสุขภาพ
วิทยาศาสตร์การแพทย์ และสุขภาพ
สถานะ=หนังสือเก่า
WS113 ส786ป ฉ.2 
  Barcode: 19712
ห้องสมุดวิทยาเขตนครสวรรค์
►ส่วนจัดเก็บหนังสือเก่า นว.
บนชั้น
  ขอยืม
3. วิทยาศาสตร์การแพทย์ และสุขภาพ
วิทยาศาสตร์การแพทย์ และสุขภาพ
สถานะ=หนังสือเก่า
WS113 ส786ป ฉ.3 
  Barcode: 19713
ห้องสมุดวิทยาเขตนครสวรรค์
►ส่วนจัดเก็บหนังสือเก่า นว.
บนชั้น
  ขอยืม

รายการใกล้เคียง
    ผู้แต่ง [สุธีรา เอื้อไพโรจน์กิจ]

    หัวเรื่อง [กุมารเวชศาสตร์]
    หัวเรื่อง [โรคเด็ก]

BibComment


ยังไม่เคยถูกคอมเมนท์

คอมเมนท์ทรัพยากรรายการนี้
  คอมเมนท์: ป้องกัน 25 โรคฮิ..


 Copyright 2026. Bcnsprnw @Library